Word Ladder: Civil Rights Leader Quiz Stats

 Plays Quiz Updated Mar 8, 2019

Score 0/23 Timer 03:00
0 Plays Today
Hint 6-Letter Word % Correct
One-third of a civil rights activist☮ MARTIN ☮
92.9%
One-third of a civil rights activist☮ LUTHER ☮
91.4%
Maker of Fisher-Price and BarbieMATTEL
86.2%
Billy Joel: 'A ____ of Trust'MATTER
84.2%
Made coinsMINTED
83.2%
One-third of a civil rights activist (2 words)☮ KING, JR. ☮
76.8%
Partner of 'Commander' in literatureMASTER
76.4%
One who prepares potatoes?MASHER
73.3%
ImpliedHINTED
72.8%
Spritzed with waterMISTED
72.1%
Like a doorHINGED
71.7%
Reached the opposite side in checkers/draughtsKINGED
68%
Hint 6-Letter Word % Correct
Player who makes the previous move, perhapsKINGER
66.9%
More flexibleLITHER
62.7%
Leaned askewLISTED
61.1%
One who blows out birthday candlesWISHER
60.9%
Champion of antiseptic surgery Joseph ___LISTER
60.6%
ShrivelWITHER
60.4%
Weasel relativeMARTEN
60.2%
More verdantLUSHER
59.9%
RadianceLUSTER
59.1%
Nut relative?WASHER
57.2%
HammerMARTEL
55.8%

Today's Daily Dose

Missing Word
Banned Books (A-Z)

Word Ladder
Janis Joplin

Get the Picture
Occupations

You're not logged in!

Compare scores with friends on all Sporcle quizzes.
OR
Log In

Sporcle TV

Today on Sporcle TV


Watch our educational content, quiz creation guides, and fun videos on Sporcle TV.

Show Comments

Extras

Top Quizzes Today


Score Distribution

Your Account Isn't Verified!

In order to create a playlist on Sporcle, you need to verify the email address you used during registration. Go to your Sporcle Settings to finish the process.

Report this User

Report this user for behavior that violates our Community Guidelines.

Details: